Sums Like It Hotter Quiz Stats

 Plays Quiz not verified by Sporcle

Score 0/12 Timer 07:00
0 Plays Today
% Correct
ONE TIMES FIFTEEN
75.2%
TWO CUBED
71.9%
FOUR PLUS FIVE PLUS TEN
71.9%
FOUR SQUARED PLUS TWO
71.7%
TWO HUNDRED AND TEN DIVIDED BY SEVEN
71.6%
MINUS TWO TIMES MINUS TWELVE
70.8%
SIX PLUS TWENTY MINUS FOUR
70.3%
SIX PLUS SIX PLUS SEVEN
70.1%
TWO TIMES ELEVEN POINT FIVE
68.5%
TWENTY PLUS TEN MINUS SEVEN
68.5%
FOUR TIMES FIVE POINT FIVE
67%
ONE THOUSAND DIVIDED BY FORTY
65.4%

You're not logged in!

Compare scores with friends on all Sporcle quizzes.
OR
Log In

Sporcle TV

Today on Sporcle TV


Watch our educational content, quiz creation guides, and fun videos on Sporcle TV.

Show Comments

Extras

Top Quizzes Today


Score Distribution

Your Account Isn't Verified!

In order to create a playlist on Sporcle, you need to verify the email address you used during registration. Go to your Sporcle Settings to finish the process.

Report this User

Report this user for behavior that violates our Community Guidelines.

Details: